Brands, cost, concepts and case studies (Record no. 68063)

MARC details
000 -LEADER
fixed length control field 00575nam a22001697a 4500
005 - DATE AND TIME OF LATEST TRANSACTION
control field 20100917135918.0
008 - FIXED-LENGTH DATA ELEMENTS--GENERAL INFORMATION
fixed length control field 100917t xxu||||| |||| 00| 0 eng d
080 ## - UNIVERSAL DECIMAL CLASSIFICATION NUMBER
Universal Decimal Classification number 34:658.626
Item number RAM
100 ## - MAIN ENTRY--PERSONAL NAME
Personal name Ramanujam,S
245 ## - TITLE STATEMENT
Title Brands, cost, concepts and case studies
300 ## - PHYSICAL DESCRIPTION
Extent Various pagination
653 ## - INDEX TERM--UNCONTROLLED
Uncontrolled term Brands-legal aspects
942 ## - ADDED ENTRY ELEMENTS (KOHA)
item type Books
260 ## - PUBLICATION, DISTRIBUTION, ETC. (IMPRINT)
Place of publication, distribution, etc New Delhi
Name of publisher, distributor, etc Taxmann allied services
Date of publication, distribution, etc 2003
020 ## - INTERNATIONAL STANDARD BOOK NUMBER
International Standard Book Number 8174964886
260 ## - PUBLICATION, DISTRIBUTION, ETC. (IMPRINT)
-- 13170
Holdings
Lost status Source of classification or shelving scheme Not for loan Home library Current library Shelving location Date acquired Total Checkouts Full call number Barcode Date last seen Price effective from Koha item type
  Universal Decimal Classification   University Library University Library General Stacks 17/09/2010   34:658.626 RAM 00061743 17/09/2010 17/09/2010 Books
University Library, CUSAT